Guía de reconocimiento de animales perjudiciales en cultivos frutales
Guardado en:
| Autor Principal: | |
|---|---|
| Autor Corporativo: | |
| Formato: | Electrónico |
| Idioma: | Spanish |
| Publicado: |
Esquel :
INTA EEA Esquel,
2008.
|
| Materias: | |
| Acceso en línea: | Acceso a texto completo |
| Etiquetas: |
Agregar Etiqueta
Sin Etiquetas, Sea el primero en etiquetar este registro!
|
| LEADER | 00754nmm a22001575a 4500 | ||
|---|---|---|---|
| 001 | EEA.libagro010640 | ||
| 008 | 160304s2008####ag#########m########spa#d | ||
| 005 | 20200423134248.0 | ||
| 245 | 1 | 0 | |a Guía de reconocimiento de animales perjudiciales en cultivos frutales |h [recurso electrónico] / |c José Recalde. |
| 260 | |a Esquel : |b INTA EEA Esquel, |c 2008. | ||
| 500 | |a Título tomado de inta.gob.ar (visto el 4 de marzo de 2015). | ||
| 538 | |a Modo de acceso: World Wide Web. | ||
| 100 | 1 | |a Recalde, José. | |
| 710 | 2 | |a Instituto Nacional de Tecnología Agropecuaria (Argentina). |b Estación Experimental Agropecuaria Esquel. | |
| 655 | 7 | |a Libros electrónicos. | |
| 856 | 4 | 0 | |3 Acceso a texto completo |u http://inta.gob.ar/sites/default/files/script-tmp-libro%5Fplagas%5Ffrutales.pdf |
